| 000 | 00633nam a22002417a 4500 | ||
|---|---|---|---|
| 003 | UA-OsUOA | ||
| 001 | 124631 | ||
| 007 | ta | ||
| 008 | 20170821b un ||||| |||| 00| 0 ukr d | ||
| 100 | _aКичинський А. | ||
| 090 |
_a821.161.2 _bК46 |
||
| 942 | _cBK | ||
| 040 |
_aUA-OsUOA _bukr _cUA-OsUOA _dUA-OsUOA |
||
| 245 |
_aТанець вогню _bпоезії |
||
| 300 | _a86 с. | ||
| 955 | _a3 | ||
| 041 | _aukr | ||
| 080 | _a821.161.2 | ||
| 020 | _a966-7403-85-8 | ||
| 260 |
_aХерсон _bАйлант _c2005 |
||
| 650 | 7 |
_a82 Література. Літературознавство _2UDC |
|
| 999 |
_c411762 _d411762 |
||